Polscy skoczkowie narciarscy, którzy skoczyli ponad 200 m - Statystyki

Ogólne statystyki
  • Ten quiz został rozwiązany 74 razy
  • Średni wynik to 13 z 17
Statystyki odpowiedzi
# Odległość m Skoczek narciarski % Poprawnych
1. 251,5 Kamil Stoch
100%
2. 248,0 Piotr Żyła
99%
10. 230,5 Adam Małysz
97%
6. 236,5 Dawid Kubacki
97%
3. 244,5 Maciej Kot
90%
4. 243,0 Aleksander Zniszczoł
84%
9. 233,0 Paweł Wąsek
84%
7. 236,0 Stefan Hula
83%
8. 235,0 Andrzej Stękała
80%
5. 237,5 Jakub Wolny
76%
12. 216,0 Jan Ziobro
76%
11. 221,5 Klemens Murańka
74%
14. 205,5 Robert Mateja
64%
13. 210,0 Krzysztof Miętus
50%
15. 203,0 Łukasz Rutkowski
50%
16. 201,5 Mateusz Rutkowski
49%
16. 201,5 Marcin Bachleda
43%
Nie znaleziono quizów pasujących do podanych kryteriów
Rozkład punktacji
Procent ludzi z każdym wynikiem
Percentyl według liczby udzielonych odpowiedzi
Twoja historia wyników
Nie rozwiązałeś tego quizu